О соотношении кембрия и докембрия в Горной Шории; Проблемы советской геологии; Т. 7, № 4

Bibliographic Details
Parent link:Проблемы советской геологии: журнал.— , 1933-1937.— 0869-7175
Т. 7, № 4.— 1937.— С. 295-317
Main Author: Радугин К. В. Константин Владимирович
Language:Russian
Published: 1937
Subjects:
Format: Book Chapter
KOHA link:https://koha.lib.tpu.ru/cgi-bin/koha/opac-detail.pl?biblionumber=401968

MARC

LEADER 00000naa2a2200000 4500
001 401968
005 20241209161919.0
035 |a (RuTPU)RU\TPU\prd\46515 
090 |a 401968 
100 |a 20060928d19331937k||y0rusy50 ca 
101 0 |a rus 
102 |a RU 
200 1 |a О соотношении кембрия и докембрия в Горной Шории  |f К. В. Радугин 
320 |a Библиогр.: 15 назв. 
461 1 |0 (RuTPU)RU\TPU\prd\918  |x 0869-7175  |t Проблемы советской геологии  |o журнал  |d 1933-1937 
463 1 |0 (RuTPU)RU\TPU\prd\44930  |t Т. 7, № 4  |v С. 295-317  |d 1937 
610 1 |a геолого-географические науки 
610 1 |a труды учёных ТПУ 
700 1 |a Радугин  |b К. В.  |c российский геолог  |c профессор Томского политехнического института  |f 1899-1984  |g Константин Владимирович  |3 (RuTPU)RU\TPU\pers\13858  |9 4370 
801 1 |a RU  |b 63413507  |c 20060928  |g PSBO 
801 2 |a RU  |b 63413507  |c 20090320  |g PSBO 
942 |c CR